[Event "ABIERTO ARGENTINO"]
[Site "SchemingMind.com"]
[Date "2015.04.06"]
[Round "-"]
[White "kenneth m day"]
[Black "Scooter"]
[Result "1-0"]
[WhiteCountry "USA"]
[BlackCountry "USA"]
[WhiteElo "1792"]
[WhiteRD "50"]
[BlackElo "1713"]
[BlackRD "44"]
[GameID "378027"]

1. e4 c6 2. c4 d5 3. cxd5 cxd5 4. exd5 Qxd5 5. Nc3 Qd8 6. d4 Nf6 7. Bc4 Bf5 8. Nf3 e6 9. O-O Nc6 10. Re1 Bb4
11. d5 Ne7 12. Qa4+ Qd7 13. Qxb4 Nfxd5 14. Nxd5 Nxd5 15. Bxd5 Qxd5 16. Bg5 f6 17. Bf4 e5 18. Rad1 Qe6 19. b3 b6 20. Rd6 Qe7
21. Bd2
1-0

[Event "ABIERTO ARGENTINO"]
[Site "SchemingMind.com"]
[Date "2015.04.07"]
[Round "-"]
[White "kenneth m day"]
[Black "JimM"]
[Result "0-1"]
[WhiteCountry "USA"]
[BlackCountry "USA"]
[WhiteElo "1733"]
[WhiteRD "54"]
[BlackElo "1809"]
[BlackRD "83"]
[GameID "378028"]

1. e4 c5 2. d4 e6 3. Nf3 cxd4 4. c3 dxc3 5. Nxc3 Nc6 6. Bc4 d6 7. Qe2 Nf6 8. Bg5 Be7 9. O-O O-O 10. Rfd1 Qc7
11. Rac1 e5 12. h3 h6 13. Be3 a6 14. Nd5 Nxd5 15. exd5 Nd8 16. Bb3 Qd7 17. Bb6 f5 18. Rc7 Qe8 19. Rdc1 Nf7 20. Qc4 e4
21. Nd4 Ne5 22. Qe2 Nd3 23. R1c2 Bf6 24. R2c4 Bh4 25. g3 Qg6 26. Kh2 Bf6 27. Rc2 Be5 28. Bc4 f4 29. Ne6 fxg3+ 30. Kh1 gxf2
31. Rxg7+ Bxg7 32. Nxf8 Qg1#
0-1

[Event "ABIERTO ARGENTINO"]
[Site "SchemingMind.com"]
[Date "2015.04.07"]
[Round "-"]
[White "JimM"]
[Black "kenneth m day"]
[Result "1-0"]
[WhiteCountry "USA"]
[BlackCountry "USA"]
[WhiteElo "1821"]
[WhiteRD "88"]
[BlackElo "1630"]
[BlackRD "54"]
[GameID "378029"]

1. c4 Nf6 2. d4 e6 3. Nc3 d5 4. Nf3 c5 5. cxd5 exd5 6. Bg5 Be7 7. e3 Nbd7 8. Bb5 O-O 9. O-O a6 10. Ba4 b5
11. Bc2 h6 12. Bf4 Bb7 13. dxc5 Bxc5 14. Bb3 Nb6 15. Be5 Rc8 16. Qd3 Be7 17. Bc2 Ne4 18. Nd2 f5 19. Qd4 Bf6 20. Nf3 Nc4
21. Bxf6 Rxf6 22. b3 Ncd6 23. Nxd5 Rf8 24. Bd3 Nf6 25. Nxf6+ Rxf6 26. a4 Ne4 27. Qxd8+ Rxd8 28. Bxe4 Bxe4 29. Nd4 Rg6 30. f3 Bd3
31. Rfd1 Rxd4 32. exd4 Bc2 33. Rd2 Bxb3 34. axb5 axb5 35. Ra7 Bd5 36. Rb2 Bxf3 37. Rxb5 Rxg2+ 38. Kf1 Rxh2 39. Rxf5 Be4 40. Rff7 Rg2
41. Rfd7 Rg5 42. Ke2 Bd5 43. Ke3 Be6 44. Rd8+ Kh7 45. Re7 Bc4 46. Re5 Rg6 47. d5 Rg1 48. d6 Rd1 49. Kf4 Rf1+ 50. Ke4 Bb3
51. Re7 Ba4 52. Ke5 Re1+ 53. Kd5 Rd1+ 54. Kc5 Rc1+ 55. Kb4 Bd1 56. Rdd7 Rb1+ 57. Kc3 Rb3+ 58. Kc4 Rg3 59. Rc7 Bb3+ 60. Kc5 Rg5+
61. Kb4 Bd1 62. d7 Rg4+ 63. Kc5 Rg5+ 64. Kb6
1-0

[Event "ABIERTO ARGENTINO"]
[Site "SchemingMind.com"]
[Date "2015.04.07"]
[Round "-"]
[White "kenneth m day"]
[Black "Chessibelle"]
[Result "1-0"]
[WhiteCountry "USA"]
[BlackCountry "ENG"]
[WhiteElo "1792"]
[WhiteRD "50"]
[BlackElo "1200"]
[BlackRD "58"]
[GameID "378030"]

1. e4 e5 2. f4 Nc6 3. Nf3 d6 4. Nc3 Nf6 5. Bc4 Be7 6. fxe5 dxe5 7. O-O O-O 8. a3 Na5 9. Ba2 b6 10. Nxe5 Qd4+
11. Kh1 Qxe5 12. d3 Rd8 13. Bf4 Qd4 14. Qf3 Bg4 15. Qg3 h5 16. Bxc7 Rd7 17. Be5 Qc5 18. h3 Be6 19. Bxe6 fxe6 20. Bxf6 Bd6
21. Qg5 Bf8 22. Qxc5 bxc5 23. Be5 Nc6 24. Bg3 Be7 25. Rae1 a5 26. Na4 Nd4 27. Nb6 Raa7 28. Nxd7 Rxd7 29. c3 Nc2 30. Re2 Rxd3
31. Bc7 Ne3 32. Rf3 Rd1+ 33. Kh2 Rd7 34. Be5 Nc4 35. Bg3 g5 36. Be1 Bd8 37. Ref2 Bc7+ 38. Kh1 g4 39. Rf8+ Kg7 40. hxg4 hxg4
41. Re8 Bg3 42. Rf1 Be5 43. Rxe6 Bc7 44. Bh4 Kh7 45. Re7+ Rxe7 46. Bxe7 Kg7 47. Bxc5
1-0

[Event "ABIERTO ARGENTINO"]
[Site "SchemingMind.com"]
[Date "2015.04.07"]
[Round "-"]
[White "Chessibelle"]
[Black "kenneth m day"]
[Result "0-1"]
[WhiteCountry "ENG"]
[BlackCountry "USA"]
[WhiteElo "1200"]
[WhiteRD "58"]
[BlackElo "1792"]
[BlackRD "50"]
[GameID "378031"]

1. Nf3 d5 2. d4 Nf6 3. Nc3 g6 4. e3 Bg7 5. Bb5+ c6 6. Bd3 O-O 7. O-O Bg4 8. Be2 Nbd7 9. Bd2 Re8 10. a3 Qc7
11. g3 Bh3 12. Re1 Qd6 13. Ng5 Bf5 14. Bf3 h6 15. Nh3 Bxh3 16. b4 e5 17. Ne2 Ne4 18. Bc1 Qf6 19. Nf4 exf4 20. exf4 Qxd4
21. Qe2 Qxa1 22. Qd3 Qd4 23. Qe3 Qxe3 24. Rxe3 Bd4 25. Re2 Ndf6 26. Re1 Bxf2+ 27. Kh1 Bxe1
0-1

[Event "ABIERTO ARGENTINO"]
[Site "SchemingMind.com"]
[Date "2015.04.07"]
[Round "-"]
[White "kenneth m day"]
[Black "frankly"]
[Result "0-1"]
[WhiteCountry "USA"]
[BlackCountry "ENG"]
[WhiteElo "1792"]
[WhiteRD "50"]
[BlackElo "2421"]
[BlackRD "63"]
[GameID "378032"]

1. e4 c5 2. d4 cxd4 3. c3 e5 4. f4 Nf6 5. cxd4 exd4 6. Qxd4 Nc6 7. Qd3 d5 8. Nc3 Nb4 9. Qe2 d4 10. Nb5 d3
11. Qd2 Nxe4 12. Qd1 Nc2+ 13. Qxc2 dxc2 14. Be2 Bb4+ 15. Nc3 Qd4
0-1

[Event "ABIERTO ARGENTINO"]
[Site "SchemingMind.com"]
[Date "2015.04.06"]
[Round "-"]
[White "frankly"]
[Black "kenneth m day"]
[Result "1-0"]
[WhiteCountry "ENG"]
[BlackCountry "USA"]
[WhiteElo "2441"]
[WhiteRD "62"]
[BlackElo "1769"]
[BlackRD "52"]
[GameID "378033"]

1. d4 d5 2. Nf3 Nf6 3. c4 c6 4. Nc3 e6 5. e3 Nbd7 6. Bd2 Be7 7. Bd3 O-O 8. cxd5 exd5 9. O-O Re8 10. Re1 Bd6
11. Qc2 Nf8 12. h3 Ng6 13. a3 Bd7 14. Rac1 Rc8 15. e4 dxe4 16. Nxe4 Nxe4 17. Bxe4 Rf8 18. Ne5 Bxe5 19. dxe5 f5 20. exf6 Qxf6
21. Bc3 Qg5 22. Bxg6 hxg6 23. Re5 Qf4 24. f3 Bf5 25. Qb3+ Kh7 26. Rce1 Rf7 27. Qxf7
1-0

[Event "ABIERTO ARGENTINO"]
[Site "SchemingMind.com"]
[Date "2015.04.12"]
[Round "-"]
[White "emvarela"]
[Black "Reun29"]
[Result "0-1"]
[WhiteCountry "ARG"]
[BlackCountry "SUI"]
[WhiteElo "1735"]
[WhiteRD "50"]
[BlackElo "1920"]
[BlackRD "85"]
[GameID "378041"]

1. e4 e5 2. Nf3 Nc6 3. d4 exd4 4. c3 dxc3 5. Bc4 d6 6. Nxc3 Nf6 7. Ng5 Ne5 8. Qb3 Qd7 9. Nd5 Nxc4 10. Qxc4 Nxd5
11. Qxd5 h6 12. Nf3 c6 13. Qd3 Be7 14. O-O O-O 15. Bf4 Qg4 16. Bxd6 Rd8 17. e5 Be6 18. Rfd1 Rd7 19. h3 Qh5 20. Qa3 Bg5
21. Nxg5 Qxg5 22. Rd3 Bd5 23. Rg3 Qf5 24. Qe3 Re8 25. Qxh6 Qh7 26. Qxh7+ Kxh7 27. f4 f6 28. b3 fxe5 29. Bxe5 Rf7 30. Rf1 g6
31. Rg4 Rf5 32. Rf2 g5 33. h4 gxf4 34. Bxf4 a5 35. Rg5 Rxg5 36. Bxg5 Re1+ 37. Kh2 b5 38. Kg3 Re4 39. Kh2 a4 40. bxa4 Rxa4
41. g3 Bxa2 42. Rf6 Bd5 43. Kh3 b4 44. h5 b3 45. Rh6+ Kg7 46. Rg6+ Kf7 47. Rf6+ Ke8 48. Rd6 Ra7 49. Rd8+ Kf7 50. Rb8 Rd7
51. g4 c5 52. Rb6 Rb7 53. Rf6+ Kg7 54. Rg6+ Kf8 55. Rf6+ Bf7 56. Rc6 b2 57. h6 b1=Q 58. Rc8+ Be8
0-1

[Event "ABIERTO ARGENTINO"]
[Site "SchemingMind.com"]
[Date "2015.04.12"]
[Round "-"]
[White "Reun29"]
[Black "emvarela"]
[Result "1-0"]
[WhiteCountry "SUI"]
[BlackCountry "ARG"]
[WhiteElo "1929"]
[WhiteRD "112"]
[BlackElo "1673"]
[BlackRD "49"]
[GameID "378042"]

1. e4 e5 2. Nf3 Nc6 3. Bc4 Bc5 4. c3 Qe7 5. O-O d6 6. d4 exd4 7. cxd4 Bb6 8. Nc3 Nf6 9. h3 O-O 10. Bg5 h6
11. Nd5 hxg5 12. Nxe7+ Nxe7 13. Nxg5 Ng6 14. Re1 Nf4 15. Bf1
1-0

[Event "ABIERTO ARGENTINO"]
[Site "SchemingMind.com"]
[Date "2015.04.07"]
[Round "-"]
[White "Scooter"]
[Black "Reun29"]
[Result "1/2-1/2"]
[WhiteCountry "USA"]
[BlackCountry "SUI"]
[WhiteElo "1713"]
[WhiteRD "44"]
[BlackElo "1771"]
[BlackRD "150"]
[GameID "378043"]

1. d4 d5 2. Nf3 Nf6 3. Bf4 e6 4. e3 Bd6 5. Bxd6 Qxd6 6. c3 O-O 7. Be2 Nbd7 8. O-O c5 9. Nbd2 b6 10. Qc2 Bb7
11. Rfd1 Rac8 12. Bd3 cxd4 13. exd4 e5 14. dxe5 Nxe5 15. Nxe5 Qxe5 16. Nf3 Qh5 17. Nd4 Ng4 18. h3 Ne5 19. Be2 Qg5 20. Nf3 Nxf3+
21. Bxf3 Rc7 22. Qb3 Rd8 23. Rd4 h5 24. Rad1 Rc4 25. Rxc4 dxc4 26. Rxd8+ Qxd8 27. Qxc4 Bxf3 28. gxf3 Qd7 29. Kg2 Qe7 30. Qc8+ Kh7
31. Qf5+ g6 32. Qe4 Qc7 33. f4 a5 34. f5 Qd7 35. fxg6+ fxg6 36. Qd4 Qe6 37. b3 Qc6+ 38. f3 Kh6 39. Qf4+ g5 40. Qe3 Kg6
41. Qe4+ Qxe4 42. fxe4 Kf6 43. Kf3 Ke5 44. a4 g4+ 45. hxg4 hxg4+ 46. Kxg4 Kxe4 47. b4 Kd3 48. Kf4 Kxc3 49. bxa5=
1/2-1/2

[Event "ABIERTO ARGENTINO"]
[Site "SchemingMind.com"]
[Date "2015.04.07"]
[Round "-"]
[White "Reun29"]
[Black "Scooter"]
[Result "1-0"]
[WhiteCountry "SUI"]
[BlackCountry "USA"]
[WhiteElo "1771"]
[WhiteRD "150"]
[BlackElo "1713"]
[BlackRD "44"]
[GameID "378044"]

1. e4 c6 2. d4 d5 3. exd5 cxd5 4. c4 Nf6 5. Nc3 Bf5 6. Qb3 Qb6 7. Qxb6 axb6 8. cxd5 Be4 9. Nxe4 Nxe4 10. Nf3 g6
11. Bd3 Nd6 12. Bf4 Bg7 13. O-O O-O 14. a3 Nd7 15. Ne5 Nf6 16. f3 Nxd5 17. Bg3 Bxe5 18. dxe5 Nf5 19. Bxf5 gxf5 20. Bf2 e6
21. Rac1 Rfc8 22. g3 Rc6 23. Rxc6 bxc6 24. Rc1 c5 25. b4 Rxa3 26. bxc5 bxc5 27. f4 Ne3 28. Bxe3 Rxe3 29. Rxc5 h5 30. Kf2 Re4
31. Kf3 Kg7 32. Rc3 Kg6 33. Rc8 Kg7 34. Rc2 Kg6 35. h3 Rb4 36. Re2 f6 37. exf6 Kxf6 38. Re3 Rb5 39. Ke2 e5 40. fxe5+ Rxe5
41. Rxe5 Kxe5 42. Kf3 Ke6 43. Kf4 Kf6 44. h4
1-0

[Event "ABIERTO ARGENTINO"]
[Site "SchemingMind.com"]
[Date "2015.04.07"]
[Round "-"]
[White "kenneth m day"]
[Black "Reun29"]
[Result "0-1"]
[WhiteCountry "USA"]
[BlackCountry "SUI"]
[WhiteElo "1692"]
[WhiteRD "52"]
[BlackElo "1908"]
[BlackRD "89"]
[GameID "378045"]

1. e4 e5 2. f4 d5 3. exd5 e4 4. Nc3 Nf6 5. d3 Bb4 6. Bd2 O-O 7. Be2 Re8 8. Nxe4 Nxd5 9. c3 Bd6 10. Nf3 Bxf4
11. O-O Bxd2 12. Qxd2 Nd7 13. Nfg5 N7f6 14. Rae1 h6 15. Nf3 Bg4 16. Nd4 Nxe4 17. dxe4 Rxe4 18. Bd3 Rxe1 19. Qxe1 Qd7 20. Qe4 g6
21. Bc4 c6 22. Qe5 Re8 23. Qg3 Be6 24. h4 h5 25. Nxe6 Qxe6 26. Bb3 Kg7 27. Qf3 Re7 28. Qg3 Qe3+ 29. Qxe3 Nxe3 30. Rf3 Ng4
31. Rf1 f6 32. Bd1 Ne3 33. Re1 Nd5 34. Rxe7+ Nxe7 35. Kf2 Kh6 36. Kf3 g5 37. hxg5+ fxg5 38. Ke4 Ng6 39. g3 g4 40. Kf5 Ne7+
41. Ke6 Nd5 42. Kd6 Kg5 43. c4 Ne3 44. Be2 h4 45. gxh4+ Kxh4 46. Bd3 g3 47. Be4 Nxc4+ 48. Kc7 Nxb2 49. Kxb7 c5 50. Kc6 c4
51. Kd5 c3 52. Kd4 c2 53. Bxc2 g2 54. Kc3 g1=Q 55. Kxb2 Kg3
0-1

[Event "ABIERTO ARGENTINO"]
[Site "SchemingMind.com"]
[Date "2015.04.07"]
[Round "-"]
[White "Reun29"]
[Black "kenneth m day"]
[Result "1-0"]
[WhiteCountry "SUI"]
[BlackCountry "USA"]
[WhiteElo "1929"]
[WhiteRD "112"]
[BlackElo "1769"]
[BlackRD "52"]
[GameID "378046"]

1. e4 e5 2. Nf3 Nc6 3. d4 exd4 4. c3 dxc3 5. Nxc3 Bc5 6. Bc4 d6 7. Ng5 Nh6 8. O-O O-O 9. h3 Ne5 10. Bb3 Be6
11. Bxe6 fxe6 12. Nxe6 Qf6 13. Nxf8 Rxf8 14. Qe2 Nhf7 15. a3 Ng5 16. Bxg5 Qxg5 17. Kh1 c6 18. f4 Rxf4 19. Rxf4 Qxf4 20. Rf1 Qg5
21. Rf5 Qh6 22. b4 Bd4 23. Nd1 Qg6 24. Qf1 Qe8 25. Qe2 Qg6 26. Rf1 Qg3 27. Qa2+ d5 28. exd5 g6 29. dxc6+ Kg7 30. c7
1-0

[Event "ABIERTO ARGENTINO"]
[Site "SchemingMind.com"]
[Date "2015.04.08"]
[Round "-"]
[White "JimM"]
[Black "Reun29"]
[Result "0-1"]
[WhiteCountry "USA"]
[BlackCountry "SUI"]
[WhiteElo "1769"]
[WhiteRD "80"]
[BlackElo "1929"]
[BlackRD "112"]
[GameID "378047"]

1. d4 d5 2. c4 c6 3. Nf3 Nf6 4. e3 e6 5. Nc3 Nbd7 6. Bd3 dxc4 7. Bxc4 b5 8. Bd3 Bb7 9. O-O a6 10. Qc2 Rc8
11. Ne4 Nxe4 12. Bxe4 Nf6 13. Bd3 c5 14. Qe2 cxd4 15. Nxd4 Bc5 16. Nb3 O-O 17. Bd2 Qe7 18. Nxc5 Qxc5 19. Rac1 Qd5 20. f3 Rfd8
21. Be4 Nxe4 22. Rxc8 Bxc8 23. Ba5 Qd3 24. Qxd3 Rxd3 25. fxe4 Bb7 26. Kf2 Bxe4 27. Rc1 h6 28. Rc7 Bd5 29. a3 Bc4 30. Ra7 Rd1
31. Rxa6 Rf1+ 32. Kg3 g5 33. Bc3 Kh7 34. a4 b4 35. Rc6 bxc3
0-1

[Event "ABIERTO ARGENTINO"]
[Site "SchemingMind.com"]
[Date "2015.04.08"]
[Round "-"]
[White "Reun29"]
[Black "JimM"]
[Result "1-0"]
[WhiteCountry "SUI"]
[BlackCountry "USA"]
[WhiteElo "1929"]
[WhiteRD "112"]
[BlackElo "1769"]
[BlackRD "80"]
[GameID "378048"]

1. e4 e5 2. Nf3 Nc6 3. d4 exd4 4. c3 dxc3 5. Nxc3 Bc5 6. Bc4 d6 7. h3 Ne5 8. Nxe5 dxe5 9. Qxd8+ Kxd8 10. Bxf7 Nf6
11. Bg5 Ke7 12. Bb3 Rd8 13. O-O Bd7 14. Rad1 Bc6 15. Nd5+ Bxd5 16. Bxd5 c6 17. Bb3 h6 18. Bxf6+ gxf6 19. Rc1 Bb6 20. Rfd1 Rd4
21. Rxd4 Bxd4 22. Rc2 Rd8 23. Kf1 c5 24. Bd5 b6 25. Ke2 a5 26. a3 h5 27. g3 Rf8 28. g4 hxg4 29. hxg4 Rh8 30. Kf3 Rg8
31. Bxg8
1-0

[Event "ABIERTO ARGENTINO"]
[Site "SchemingMind.com"]
[Date "2015.04.07"]
[Round "-"]
[White "Chessibelle"]
[Black "Reun29"]
[Result "0-1"]
[WhiteCountry "ENG"]
[BlackCountry "SUI"]
[WhiteElo "1200"]
[WhiteRD "58"]
[BlackElo "1771"]
[BlackRD "150"]
[GameID "378049"]

1. Nf3 Nf6 2. d4 d5 3. e3 e6 4. Bb5+ c6 5. Bd3 Nbd7 6. Nc3 Bb4 7. Bd2 c5 8. a3 Bxc3 9. Bxc3 c4 10. Be2 O-O
11. b3 b5 12. O-O a5 13. b4 a4 14. Ng5 h6 15. Nh3 Ne4 16. Bb2 Ndf6 17. f3 Nd6 18. Qe1 Nh7 19. f4 Ne4 20. c3 e5
21. fxe5 Bxh3 22. gxh3 Qg5+ 23. Bg4 h5 24. Qe2 hxg4 25. Qxg4 Qxe3+ 26. Kh1 Nf2+ 27. Rxf2 Qxf2 28. Rg1 g6 29. Bc1 Qc2 30. e6 Qe4+
31. Rg2 Qxg4 32. Rxg4 fxe6 33. Rh4 Rf1+ 34. Kg2 Rxc1 35. Rh6 Kg7 36. Rh4 Rf8 37. Rg4 Rff1 38. Kg3 Rg1+ 39. Kh4 Rxg4+ 40. hxg4 Rxc3
0-1

[Event "ABIERTO ARGENTINO"]
[Site "SchemingMind.com"]
[Date "2015.04.07"]
[Round "-"]
[White "Reun29"]
[Black "Chessibelle"]
[Result "1-0"]
[WhiteCountry "SUI"]
[BlackCountry "ENG"]
[WhiteElo "1771"]
[WhiteRD "150"]
[BlackElo "1200"]
[BlackRD "58"]
[GameID "378050"]

1. e4 e5 2. Nf3 Nc6 3. d4 Bd6 4. d5 Nce7 5. c4 c6 6. Nc3 Nf6 7. Bd3 O-O 8. Bg5 b6 9. Bxf6 gxf6 10. Nh4 Ng6
11. Nf5 Bb4 12. h4 Bc5 13. h5 Nf4 14. Qg4+ Kh8 15. Qg7#
1-0

[Event "ABIERTO ARGENTINO"]
[Site "SchemingMind.com"]
[Date "2015.04.07"]
[Round "-"]
[White "frankly"]
[Black "Reun29"]
[Result "1-0"]
[WhiteCountry "ENG"]
[BlackCountry "SUI"]
[WhiteElo "2421"]
[WhiteRD "63"]
[BlackElo "1771"]
[BlackRD "150"]
[GameID "378051"]

1. d4 d5 2. Nf3 Nf6 3. c4 c6 4. e3 e6 5. Nc3 Nbd7 6. Bd2 Be7 7. Bd3 dxc4 8. Bxc4 b5 9. Bd3 a6 10. Ne4 Bb7
11. Nxf6+ Nxf6 12. b4 O-O 13. Bc2 Rc8 14. O-O Re8 15. Qe2 Qc7 16. Rfd1 Bd6 17. Rac1 e5 18. dxe5 Bxe5 19. Nxe5 Qxe5 20. Bc3 Qg5
21. Qf3 Nd5 22. Ba1 Rc7 23. Rd4 Nf6 24. h4 Qh6 25. Rd6 Re6 26. Rd8+ Ne8 27. Bf5 Ree7 28. Qg3 Kf8 29. Rxe8+ Kxe8 30. Bxg7 Qh5
31. Be5 Qxf5 32. Qg8+ Kd7 33. Rd1+ Ke6 34. Rd6+ Kxe5 35. Qg3+ Ke4 36. Rd4#
1-0

[Event "ABIERTO ARGENTINO"]
[Site "SchemingMind.com"]
[Date "2015.04.07"]
[Round "-"]
[White "Reun29"]
[Black "frankly"]
[Result "0-1"]
[WhiteCountry "SUI"]
[BlackCountry "ENG"]
[WhiteElo "1771"]
[WhiteRD "150"]
[BlackElo "2421"]
[BlackRD "63"]
[GameID "378052"]

1. e4 c5 2. c3 e6 3. d4 d5 4. exd5 exd5 5. Nf3 Nc6 6. Be3 cxd4 7. Nxd4 Bd6 8. Bd3 Nf6 9. Nd2 O-O 10. O-O Ng4
11. N2f3 Nxe3 12. fxe3 g6 13. Rc1 Bg4 14. Qe1 Qe7 15. Qf2 Rae8 16. Rfe1 a6 17. e4 Bxf3 18. gxf3 Bc5 19. Kh1 Qf6 20. exd5 Nxd4
21. cxd4 Bxd4 22. Qg2 Bxb2 23. Rxe8 Bxc1 24. Rxf8+ Kxf8 25. Be4 Be3 26. Qc2 b5 27. Qd1 Bc5 28. Qd2 Qa1+ 29. Kg2 Qg1+ 30. Kh3 Bd6
31. Qg2 Qe3 32. Qg4= f5 33. Bxf5 Qd2
0-1

[Event "ABIERTO ARGENTINO"]
[Site "SchemingMind.com"]
[Date "2015.04.08"]
[Round "-"]
[White "momokodesk"]
[Black "Reun29"]
[Result "0-1"]
[WhiteCountry "MEX"]
[BlackCountry "SUI"]
[WhiteElo "1344"]
[WhiteRD "123"]
[BlackElo "1929"]
[BlackRD "112"]
[GameID "378056"]

1. c4 Nf6 2. d4 c6 3. Nc3 d5 4. e3 e6 5. Nf3 Nbd7 6. Bd3 dxc4 7. Bxc4 b5 8. Bb3 Bb4 9. a3 Bxc3+ 10. bxc3 Bb7
11. O-O O-O
0-1

[Event "ABIERTO ARGENTINO"]
[Site "SchemingMind.com"]
[Date "2015.04.12"]
[Round "-"]
[White "dadshane2000"]
[Black "emvarela"]
[Result "1-0"]
[WhiteCountry "USA"]
[BlackCountry "ARG"]
[WhiteElo "1910"]
[WhiteRD "92"]
[BlackElo "1722"]
[BlackRD "46"]
[GameID "378057"]

1. e4 e5 2. Nf3 Nc6 3. Bc4 Bc5 4. c3 Qe7 5. O-O d6 6. b4 Bb6 7. a4 a6 8. d3 h6 9. Nbd2 Be6 10. a5 Bxc4
11. dxc4 Ba7 12. b5 axb5 13. cxb5 Nxa5 14. Rxa5 Bxf2+ 15. Rxf2 Rxa5 16. c4 Nf6 17. Nb3 Ra8 18. Qc2 O-O 19. h3 c6 20. bxc6 bxc6
21. c5 dxc5 22. Nxc5 Nd7 23. Nxd7 Qxd7 24. Nxe5 Qe6 25. Bf4 Ra1+ 26. Kh2 Rfa8 27. Qxc6 Qxc6 28. Nxc6 R8a4 29. Re2 Rc4 30. Ne7+ Kf8
31. Nf5 Rf1 32. Bd6+ Kg8 33. Ne7+ Kh7 34. e5 Rd4 35. Nc8 Rc1 36. Ne7 f6 37. Nf5 Rdd1 38. exf6 Rh1+ 39. Kg3 Rc3+ 40. Kf2 gxf6
41. Ng3 Rd1 42. Ne4 Rcd3 43. Bg3 f5 44. Nc5 Rd5 45. Ne6 R1d2 46. Nf4 Rxe2+ 47. Nxe2 Kg7 48. Nf4 Ra5 49. Ke3 Ra3+ 50. Nd3 Kf6
51. Bf4 h5 52. h4 Ke6 53. Kd4 Ra4+ 54. Ke3 Ra3 55. g3 Kd5 56. Kd2 Kd4 57. Nc1 Ke4 58. Ne2 Rd3+ 59. Ke1 Kf3 60. Nc1 Ra3
61. Kd2 Ra4 62. Nd3 Ra2+ 63. Kc3 Ra3+ 64. Kd4 Ra4+ 65. Ke5 Ra5+ 66. Kf6 Rd5 67. Ne5+
1-0

[Event "ABIERTO ARGENTINO"]
[Site "SchemingMind.com"]
[Date "2015.04.12"]
[Round "-"]
[White "emvarela"]
[Black "dadshane2000"]
[Result "0-1"]
[WhiteCountry "ARG"]
[BlackCountry "USA"]
[WhiteElo "1735"]
[WhiteRD "50"]
[BlackElo "1909"]
[BlackRD "91"]
[GameID "378058"]

1. e4 c5 2. Nf3 d6 3. d4 cxd4 4. Nxd4 Nf6 5. Nc3 a6 6. Bg5 e6 7. f4 Qb6 8. Qd2 Qxb2 9. Rb1 Qa3 10. Bxf6 gxf6
11. Rb3 Qa5 12. a3 Nd7 13. Na2 Qxd2+ 14. Kxd2 Nc5 15. Re3 Bh6 16. g3 e5 17. Ne2 Bg4 18. Bg2 Bxe2 19. Kxe2 exf4 20. gxf4 Bxf4
21. Rc3 a5 22. Nc1 Rg8 23. Bf3 Be5 24. Re3 Bd4 25. Rd1 Bxe3 26. Kxe3 Ke7 27. Ne2 Ra6 28. Nd4 Rb6 29. Nf5+ Ke6 30. h3 Nd7
31. Bg4 Ne5 32. Nd4+ Ke7 33. Nf5+ Kd7 34. Nh6+ Nxg4+ 35. Nxg4 Ke6 36. Rd5 Rg5 37. Kf4 Rxd5 38. exd5+ Ke7 39. Kf5 Rb2 40. Nxf6 Rxc2
41. Nxh7 Rc3
0-1

[Event "ABIERTO ARGENTINO"]
[Site "SchemingMind.com"]
[Date "2015.04.07"]
[Round "-"]
[White "dadshane2000"]
[Black "Scooter"]
[Result "1-0"]
[WhiteCountry "USA"]
[BlackCountry "USA"]
[WhiteElo "1931"]
[WhiteRD "88"]
[BlackElo "1726"]
[BlackRD "46"]
[GameID "378059"]

1. e4 c6 2. d4 d5 3. Nc3 dxe4 4. Nxe4 Bf5 5. Ng3 Bg6 6. h4 h6 7. h5 Bh7 8. Nf3 Nd7 9. Bd3 Bxd3 10. Qxd3 Qc7
11. Bd2 O-O-O 12. O-O-O Ngf6 13. Qe2 e6 14. Ne5 Nxe5 15. dxe5 Nd7 16. f4 Nb6 17. Ba5 Be7 18. Ne4 Rxd1+ 19. Rxd1 Rd8 20. Rxd8+ Qxd8
21. Nc3 Qd4 22. Bxb6 axb6 23. Qf3 Bc5 24. Ne2 Qe3+ 25. Qxe3 Bxe3+ 26. Kd1 b5 27. c3 Kc7 28. Kc2 Ba7 29. Kd3 c5 30. b3 Kc6
31. Ke4 Kd7= 32. g4 Bb8 33. f5 b6 34. Nf4 Bc7 35. f6 gxf6 36. exf6 Bxf4 37. Kxf4 Ke8 38. g5 hxg5+ 39. Kxg5 Kf8 40. Kf4 Kg8
41. Ke5 Kh7 42. Kd6 Kh6 43. Ke7
1-0

[Event "ABIERTO ARGENTINO"]
[Site "SchemingMind.com"]
[Date "2015.04.07"]
[Round "-"]
[White "Scooter"]
[Black "dadshane2000"]
[Result "1/2-1/2"]
[WhiteCountry "USA"]
[BlackCountry "USA"]
[WhiteElo "1726"]
[WhiteRD "46"]
[BlackElo "1931"]
[BlackRD "88"]
[GameID "378060"]

1. d4 Nf6 2. Nf3 g6 3. Bf4 Bg7 4. e3 d6 5. Be2 O-O 6. O-O c5 7. c3 Qb6 8. Qb3 Nc6 9. Nbd2 Be6 10. c4 Qxb3
11. axb3 cxd4 12. exd4 Nb4 13. d5 Bf5 14. Nh4 Bd3 15. Bxd3 Nxd3 16. Be3 b6 17. Rab1 Ng4 18. Ne4 Nxe3 19. fxe3 Bh6 20. Rf3 f5
21. Nc3 Bg5 22. Rh3 Nc5 23. b4 Nd3 24. b3 Nxb4 25. Nf3 Bf6 26. Nd4 Nd3 27. Ncb5 Bxd4 28. Nxd4 f4 29. e4 Nc5 30. Re1 a5
31. Nc6 Rae8 32. e5 dxe5 33. Rxe5 Rf7 34. d6 e6 35. Nxa5 Nd7 36. Nc6 Nxe5 37. Nxe5 Rf5 38. Nc6 Rf7 39. Rd3 Rd7 40. b4 e5
41. Kf2 e4 42. Rd5 Kf7 43. Ne5+ Rxe5 44. Rxe5 e3+ 45. Kf3 Rxd6 46. Kxf4 Rd4+ 47. Kxe3 Rxc4=
1/2-1/2

[Event "ABIERTO ARGENTINO"]
[Site "SchemingMind.com"]
[Date "2015.04.07"]
[Round "-"]
[White "dadshane2000"]
[Black "kenneth m day"]
[Result "1/2-1/2"]
[WhiteCountry "USA"]
[BlackCountry "USA"]
[WhiteElo "1898"]
[WhiteRD "94"]
[BlackElo "1630"]
[BlackRD "54"]
[GameID "378061"]

1. e4 e5 2. Nf3 Nc6 3. Bb5 f5 4. Nc3 Nf6 5. exf5 d6 6. d3 Bxf5 7. Bg5 Be7 8. Bxf6 Bxf6 9. O-O O-O 10. Nd5 a6
11. Bc4 Kh8 12. h3 b5 13. Bb3 Qd7 14. Nxf6 gxf6 15. Nh2 d5 16. g4 Be6 17. c3 Na5 18. Bc2 Rg8 19. Kh1 c5 20. f4 Nc6
21. f5 Bf7 22. Nf3 Raf8 23. Qd2 Re8 24. Rae1 d4 25. Qh6 Qd6 26. g5 Ne7 27. g6 Nxg6 28. fxg6 Bxg6 29. Qd2 Bf7 30. Bd1 Bd5
31. c4 bxc4 32. dxc4 Bxc4 33. Rg1 e4 34. Rxg8+ Rxg8 35. Rxe4 Qg3 36. Qh2 Qg6 37. Rg4 Qf5 38. Rxg8+ Kxg8 39. Qg2+ Kf7 40. Nd2 Be6
41. Bg4 Qe5 42. Qb7+ Kg6 43. Bxe6 Qxe6 44. Qg2+ Kf7 45. Qb7+ Kg6 46. Qg2+ Kf7 47. b3 Qe1+ 48. Kh2 Qe5+ 49. Qg3 Qe2+ 50. Qg2 Qe5+
51. Kg1 Qe1+ 52. Kh2 Qe5+ 53. Qg3 Qe2+ 54. Qg2 Qe5+=
1/2-1/2

[Event "ABIERTO ARGENTINO"]
[Site "SchemingMind.com"]
[Date "2015.04.07"]
[Round "-"]
[White "kenneth m day"]
[Black "dadshane2000"]
[Result "0-1"]
[WhiteCountry "USA"]
[BlackCountry "USA"]
[WhiteElo "1692"]
[WhiteRD "52"]
[BlackElo "1921"]
[BlackRD "90"]
[GameID "378062"]

1. e4 c5 2. d4 cxd4 3. c3 dxc3 4. Nxc3 Nc6 5. Nf3 e6 6. Bc4 d6 7. O-O Nf6 8. Bg5 Be7 9. Qe2 O-O 10. Rfd1 Ne8
11. Bf4 a6 12. Rac1 b5 13. Bb3 Qa5 14. Bd2 b4 15. Na4 Bd7 16. Be3 Rb8 17. Qd3 Nd8 18. Nc5 Bb5 19. Bc4 Bxc4 20. Qxc4 dxc5
21. Ne5 Nd6 22. Rxd6 Bxd6 23. Nd7 Nc6 24. Nxf8 Bxf8 25. h3 Ne5 26. Qc2 c4 27. Bf4 Rc8 28. Qe2 Nd3
0-1

[Event "ABIERTO ARGENTINO"]
[Site "SchemingMind.com"]
[Date "2015.04.08"]
[Round "-"]
[White "dadshane2000"]
[Black "JimM"]
[Result "0-1"]
[WhiteCountry "USA"]
[BlackCountry "USA"]
[WhiteElo "1931"]
[WhiteRD "88"]
[BlackElo "1809"]
[BlackRD "83"]
[GameID "378063"]

1. e4 c5 2. Nf3 g6 3. c3 d5 4. e5 Bg7 5. Bb5+ Bd7 6. Bxd7+ Nxd7 7. d4 Qa5 8. O-O e6 9. dxc5 Nxe5 10. Re1 Nxf3+
11. Qxf3 Qxc5 12. Nd2 Nf6 13. Nb3 Qc4 14. Nd4 O-O 15. b3 Qc7 16. Bf4 Qd7 17. Be5 Ne4 18. Bxg7 Kxg7 19. Rac1 Rac8 20. Qd3 e5
21. Nf3 Qe6 22. Qe3 f5 23. Qxa7 Rf7 24. Nxe5 Qxe5 25. f3 Rxc3 26. fxe4 dxe4 27. Rxc3 Qxc3 28. Qf2 Rd7 29. h3= Rd2 30. Re2 Rd1+
31. Kh2 Qc1 32. Qe3 Qxe3 33. Rxe3 Rd2 34. a4 Rd3 35. Rg3 Kf6 36. a5 f4 37. Rg4 g5 38. h4 h6
0-1